| 000 | 01469cam a22003134a 4500 | ||
|---|---|---|---|
| 001 | 14743006 | ||
| 005 | 20071025143538.0 | ||
| 008 | 070222s2008 maua b 001 0 eng | ||
| 010 | _a 2007006859 | ||
| 020 | _a9780205530472 | ||
| 020 | _a0205530478 | ||
| 035 | _a(OCoLC)ocm85018697 | ||
| 035 | _a(OCoLC)85018697 | ||
| 040 |
_aDLC _cDLC _dYDX _dBAKER _dBTCTA _dYDXCP _dDLC |
||
| 050 | 0 | 0 |
_aP90 _b.T72 2008 |
| 082 | 0 | 0 |
_a302.2 _222 _bTRE NR |
| 100 | 1 |
_aTrenholm, Sarah, _d1944- |
|
| 245 | 1 | 0 |
_aThinking through communication : _bAn introduction to the study of human communication / _cSarah Trenholm. |
| 250 | _a5th ed. | ||
| 260 |
_aBoston : _bPearson/Allyn and Bacon, _cc2008. |
||
| 300 |
_axx, 428 p. : _bill. (some col.) ; _c24 cm. |
||
| 504 | _aIncludes bibliographical references and indexes. | ||
| 650 | 0 | _aCommunication. | |
| 856 | 4 | 1 |
_3Table of contents only _uhttp://www.loc.gov/catdir/toc/ecip0711/2007006859.html |
| 942 |
_2ddc _cBB |
||
| 999 |
_c10902 _d10902 |
||